[Event "Tourn. n9745"]
[Site "www.chess-mail.com"]
[Date "2018.04.14"]
[Round "1"]
[White "Muchomurka"]
[Black "Rons"]
[WhiteElo "2470"]
[BlackElo "2660"]
[Result "0-1"]
[Round "1"]
1.e4 c5
2.Ng1f3 d6
3.d4 cxd4
4.Nf3xd4 Ng8f6
5.Nb1c3 a6
6.Bf1e2 e5
7.Nd4b3 Bf8e7
8.Bc1e3 Bc8e6
9.f3 Nb8d7
10.Nc3d5 Nf6xd5
11.exd5 Be6f5
12.c4 Be7h4
13.g3 Bh4g5
14.Qd1d2 Bg5xe3
15.Qd2xe3 O-O
16.O-O Bf5h3
17.Rf1e1 f5
18.f4 Rf8e8
19.Be2h5 g6
20.Bh5e2 Ra8c8
21.Ra1d1 Qd8f6
22.fxe5 Nd7xe5
23.Qe3f2 Ne5xc4
24.Be2xc4 Re8xe1
25.Rd1xe1 Rc8xc4
26.Re1e6 Qf6g5
27.Qf2e2 b5
28.Qe2e1 f4
29.Re6xd6 Rc4c7
30.Qe1e8 Kg7
31.Qe8d8 Rc7e7
32.Rd6e6 Bh3xe6
33.d6 Be6xb3
34.dxe7 Qg5c5
35.Kg2 Qc5c6
36.Kg1 Qc6c1
37.Kf2 Qc1e3
38.Kg2 f3
39.Kh3 Bb3f7
40.g4 g5
41.b3 h6
{ resign }
0-1

[Event "Tourn. n9745"]
[Site "www.chess-mail.com"]
[Date "2018.04.14"]
[Round "1"]
[White "Seger"]
[Black "Muchomurka"]
[WhiteElo "2770"]
[BlackElo "2470"]
[Result "1-0"]
[Round "1"]
1.d4 Ng8f6
2.c4 g6
3.f3 Bf8g7
4.e4 d6
5.Nb1c3 O-O
6.Ng1e2 Nb8d7
7.Bc1e3 c5
8.Qd1d2 cxd4
9.Ne2xd4 Nd7e5
10.Bf1e2 Bc8d7
11.O-O Ra8c8
12.b3 a6
13.Ra1c1 Ne5c6
14.Nd4c2 Nc6e5
15.Nc3d5 Bd7e6
16.Be3b6 Qd8e8
17.Nd5xf6 Bg7xf6
18.f4 Ne5c6
19.Nc2e3 Bf6g7
20.f5 Be6d7
21.Ne3d5 Bg7e5
22.Nd5c7 Qe8d8
23.Nc7d5 Qd8e8
24.f6 exf6
25.Nd5xf6 Be5xf6
26.Rf1xf6 Qe8xe4
27.Rf6xd6 Nc6e5
28.Rc1e1 Rc8c6
29.Rd6d4 Qe4f5
30.Bb6a5 Bd7c8
31.Be2d1 h6
32.Bd1c2 Qf5h5
33.Rd4d8 Ne5d7
34.Re1e8 Qh5c5
35.Kh1 Rc6f6
36.Bc2d3 { resign }
1-0

[Event "Tourn. n9719"]
[Site "www.chess-mail.com"]
[Date "2018.04.14"]
[Round "1"]
[White "Julian"]
[Black "Picifarkinca"]
[WhiteElo "1780"]
[BlackElo "1670"]
[Result "1/2-1/2"]
[Round "1"]
1.e4 e5
2.Ng1f3 d6
3.d4 Ng8f6
4.Nb1c3 Nb8d7
5.Bf1c4 Bf8e7
6.O-O O-O
7.Bc1g5 c6
8.dxe5 Nd7xe5
9.Nf3xe5 dxe5
10.Qd1xd8 Rf8xd8
11.Rf1d1 Bc8g4
12.f3 Bg4h5
13.Kf2 h6
14.Bg5e3 b6
15.Bc4e2 Bh5g6
16.Rd1xd8 Ra8xd8
17.Ra1d1 Rd8xd1
18.Nc3xd1 Nf6e8
19.c4 c5
20.Nd1c3 Ne8c7
21.g3 Be7d6
22.Nc3b5 Nc7xb5
23.cxb5 f6
24.Be2c4 Bg6f7
25.b3 Bf7xc4
26.bxc4 g5
27.h4 Kg7
28.hxg5 hxg5
29.Kg2 Kg6
30.f4 g4
31.a4 Bd6b8
32.Be3d2 Bb8c7
33.Kf2 Bc7d6
{ draw }
1/2-1/2

[Event "Tourn. n9758"]
[Site "www.chess-mail.com"]
[Date "2018.04.14"]
[Round "1"]
[White "Orhany24"]
[Black "Bigrezi"]
[WhiteElo "2110"]
[BlackElo "2290"]
[Result "1-0"]
[Round "1"]
1.e4 e5
2.Ng1f3 Nb8c6
3.Bf1c4 Bf8e7
4.O-O f5
5.d4 fxe4
6.Nf3xe5 d5
7.Bc4b5 Bc8d7
8.Qd1h5 g6
9.Ne5xg6 hxg6
10.Qh5xh8 Bd7e6
11.Bc1f4 Kd7
12.Qh8g7 Qd8f8
13.Qg7xf8 Ra8xf8
14.Bf4g3 Be7f6
15.c3 a6
16.Bb5a4 b5
17.Ba4b3 Nc6e7
18.a4 bxa4
19.Bb3xa4 c6
20.Nb1d2 Ng8h6
21.h3 Nh6f5
22.Ba4c2 Rf8a8
23.Rf1e1 Ne7c8
24.Ra1a3 Nc8b6
25.Re1a1 e3
26.Bc2xf5 Be6xf5
27.fxe3 Bf6e7
28.Ra3xa6 Ra8xa6
29.Ra1xa6 Nb6c8
30.Nd2f3 Bf5d3
31.Nf3e5 { resign }
1-0

[Event "Tourn. n9735"]
[Site "www.chess-mail.com"]
[Date "2018.04.14"]
[Round "1"]
[White "Jjmcbride"]
[Black "Passaroa25"]
[WhiteElo "1730"]
[BlackElo "1650"]
[Result "1-0"]
[Round "1"]
1.e4 Nb8c6
2.d4 Ng8f6
3.e5 Nf6d5
4.a3 e6
5.Qd1g4 h5
6.Qg4e4 f5
7.Qe4d3 Bf8e7
8.g3 d6
9.c4 Nd5b6
10.Ng1f3 g6
11.Nb1c3 d5
12.c5 Nb6c4
13.h4 O-O
14.b3 Nc4a5
15.Nc3e2 Rf8f7
16.Ne2f4  { time }
1-0

[Event "Tourn. n9722"]
[Site "www.chess-mail.com"]
[Date "2018.04.14"]
[Round "1"]
[White "Prize64"]
[Black "Piekki"]
[WhiteElo "2180"]
[BlackElo "2190"]
[Result "0-1"]
[Round "1"]
1.e4 c5
2.c3 d5
3.exd5 Qd8xd5
4.d4 g6
5.dxc5 Qd5xd1
6.Kxd1 Bf8g7
7.Bc1e3 Nb8c6
8.Nb1d2 Bc8f5
9.Ng1f3 Ra8d8
10.Bf1b5 e5
11.h3 Ng8e7
12.Ke2 O-O
13.Rh1d1 a6
14.Bb5c4 Nc6a5
15.g4 Na5xc4
16.Nd2xc4 Bf5e6
17.Nc4d6 f5
18.Nf3g5 Be6d7
19.Nd6xb7 Bd7b5
20.Ke1 Rd8d3
21.Rd1xd3 Bb5xd3
22.Nb7d6 f4
23.Be3d2 Rf8b8
24.b3 h6
25.Ng5e6 Bg7f6
26.b4 g5
27.a4 e4
28.b5 e3
29.fxe3 fxe3
{ resign }
0-1

[Event "Tourn. n9679"]
[Site "www.chess-mail.com"]
[Date "2018.04.14"]
[Round "1"]
[White "Bigrezi"]
[Black "Sahlapalat"]
[WhiteElo "2250"]
[BlackElo "2080"]
[Result "0-1"]
[Round "1"]
1.e4 c5
2.Ng1f3 d6
3.d4 cxd4
4.Nf3xd4 Ng8f6
5.Nb1c3 Nb8c6
6.Bf1b5 Bc8d7
7.O-O g6
8.Bc1e3 Bf8g7
9.Qd1f3 O-O
10.Bb5xc6 bxc6
11.e5 dxe5
12.Nd4xc6 Bd7xc6
13.Qf3xc6 Qd8a5
14.Ra1c1 Ra8c8
15.Qc6a4 Qa5xa4
16.Nc3xa4 Nf6d5
17.Be3d2 e4
18.c4 Nd5b6
19.Na4xb6 axb6
20.b3 Rf8d8
21.Rf1d1 Bg7d4
22.Kf1 f5
23.a4 e5
24.a5 f4
25.axb6 Bd4xb6
26.Bd2c3 Bb6d4
27.Bc3a5 Rd8e8
28.b4 e3
29.f3 Kf7
30.c5 Re8e6
31.Rc1c4 g5
32.Ke2 h5
33.Rd1c1 Re6c6
34.Ba5b6 Rc6g6
35.Kd3 g4
36.fxg4 Rg6xg4
37.Rc1c2 Rc8g8
38.Bb6c7 Rg4xg2
39.b5 Rg2xc2
40.Rc4xc2 Ke6
41.b6 Kd5
42.b7 f3
43.c6 e4
{ resign }
0-1

[Event "Match"]
[Site "www.echecsemail.com"]
[Date "2018.04.14"]
[Round "1"]
[White "Gegonz"]
[Black "Liencam2"]
[WhiteElo "1610"]
[BlackElo "2280"]
[Result "1-0"]
[Round "1"]
1.d4 Ng8f6
2.c4 g6
3.Nb1c3 Bf8g7
4.Ng1f3 O-O
5.e4 d6
6.Bf1e2 Nb8a6
7.O-O e5
8.Bc1e3 Nf6g4
9.Be3g5 f6
10.Bg5d2 c6
11.h3 Ng4h6
12.a3 exd4
13.Nf3xd4 Na6c7
14.Bd2e3 Qd8e7
15.Ra1c1 f5
16.Qd1d2 Nh6f7
17.exf5 gxf5
18.Rc1d1 Qe7f6
19.b3 Bc8d7
20.Rf1e1 Kh8
21.Be3f4 Rf8g8
22.b4 Bg7h6
23.Bf4xh6 Nf7xh6
24.Be2f1 f4
25.Nc3e4 Qf6h4
26.Ne4xd6 Bd7xh3
27.Qd2c3 Qh4f6
28.Nd6xb7 Qf6g7
29.Qc3xh3 Ra8f8
30.Nd4xc6 { resign }
1-0

[Event "Match"]
[Site "www.echecsemail.com"]
[Date "2018.04.14"]
[Round "1"]
[White "Pellix84"]
[Black "Lcbunghai"]
[WhiteElo "2110"]
[BlackElo "2010"]
[Result "0-1"]
[Round "1"]
1.d4 Ng8f6
2.g3 e6
3.Bf1g2 d5
4.c4 c5
5.Nb1c3 Nb8c6
6.e3 cxd4
7.exd4 Bf8e7
8.Ng1e2 O-O
9.O-O a6
10.cxd5 exd5
11.Ne2f4 Bc8e6
12.Bc1e3 Qd8a5
13.Qd1b3 Qa5b4
14.Nc3xd5 Be6xd5
15.Nf4xd5 Qb4xb3
16.Nd5xe7 Nc6xe7
17.axb3 Ne7d5
18.Ra1a5 Nd5xe3
19.fxe3 Ra8b8
20.d5 Rf8d8
21.Ra5c5 h6
22.Rf1d1 Kf8
 { time }
0-1

[Event "Match"]
[Site "www.echecsemail.com"]
[Date "2018.04.14"]
[Round "1"]
[White "Azorau"]
[Black "Irene"]
[WhiteElo "1810"]
[BlackElo "2030"]
[Result "0-1"]
[Round "1"]
1.Ng1f3 d5
2.g3 Nb8c6
3.d4 g6
4.Nb1c3 Bf8g7
5.Bf1g2 e6
6.O-O b6
7.Rf1e1 Qd8f6
8.Bc1g5 Qf6f5
9.Nc3b5 Kd7
10.Bg5f4 e5
11.Nf3g5 exf4
12.Ng5f3 Bc8a6
13.Nb5c3 Nc6b4
14.Nf3e5 Kd6
15.e4 fxe3
16.Ne5d3 Nb4xd3
17.cxd3 exf2
18.Kh1 fxe1R
19.Qd1xe1 Ng8f6
20.Qe1e3 Nf6g4
21.Qe3e2 Ba6xd3
22.Qe2d2 Bg7xd4
23.Nc3xd5 Ng4f2
24.Qd2xf2 Bd4xf2
25.Nd5f4 Bd3b1
26.h3 Ra8e8
27.a4 Re8e1
28.Kh2 Bf2g1
29.Kh1 Bg1e3
30.Kh2 Qf5xf4
31.Ra1a3 Be3g1
32.Kh1 Bg1f2
{ resign }
0-1

[Event "Match"]
[Site "www.echecsemail.com"]
[Date "2018.04.14"]
[Round "1"]
[White "Irene"]
[Black "Stevep84"]
[WhiteElo "2010"]
[BlackElo "2220"]
[Result "0-1"]
[Round "1"]
1.d4 c6
2.e4 d5
3.e5 Bc8f5
4.Bf1d3 Bf5xd3
5.cxd3 e6
6.Ng1f3 Nb8d7
7.O-O Ng8e7
8.Bc1g5 h6
9.Bg5h4 Qd8c7
10.Nb1d2 g5
11.Bh4g3 O-O-O
12.Qd1a4 Kb8
13.b4 Nd7b6
14.Qa4a5 Rh8g8
15.h3 h5
16.Ra1c1 Bf8h6
17.b5 Ne7f5
18.bxc6 Nf5xg3
19.cxb7 Ng3e2
20.Kh2 Ne2xc1
21.Nd2b3 Nc1xb3
22.axb3 g4
23.Rf1a1 Qc7xb7
24.Nf3e1 gxh3
25.Kxh3 Rg8g4
26.Ne1c2 Rd8g8
27.g3 h4
28.Nc2b4 hxg3
29.Nb4c6 Qb7xc6
30.Qa5xa7 Kc8
31.Qa7xf7 g2
32.f3 g1N
33.Kh2 Rg4h4
{ resign }
0-1

[Event "Match"]
[Site "www.echecsemail.com"]
[Date "2018.04.14"]
[Round "1"]
[White "Darknight"]
[Black "Pellix84"]
[WhiteElo "1800"]
[BlackElo "2110"]
[Result "1-0"]
[Round "1"]
1.e4 c5
2.Bf1c4 e6
3.a3 Nb8c6
4.c3 Ng8f6
5.d3 d5
6.exd5 exd5
7.Bc4a2 Bf8d6
8.h3 O-O
9.Bc1g5 Rf8e8
10.Ng1e2 Bc8e6
11.g4 Nc6e5
12.Ne2f4 h6
13.Bg5xf6 Qd8xf6
14.Nf4h5 Ne5f3
15.Kf1 Qf6g6
16.Qd1xf3 f5
17.Nb1d2 fxg4
18.Qf3g2 Qg6xh5
19.hxg4 Qh5g5
20.Nd2f3 Qg5xg4
21.Qg2xg4 Be6xg4
22.Ba2xd5 Kh8
23.Nf3g5  { time }
1-0

[Event "1/128 Finale"]
[Site "www.chess-mail.com"]
[Date "2018.04.14"]
[Round "1"]
[White "Attatroll"]
[Black "Piriot"]
[WhiteElo "1950"]
[BlackElo "2460"]
[Result "0-1"]
[Round "1"]
1.d4 d6
2.c4 e5
3.dxe5 dxe5
4.Nb1c3 Qd8xd1
5.Nc3xd1 Bc8e6
6.b3 Ng8f6
7.Bc1b2 a5
8.e3 a4
9.Ng1f3 Bf8b4
10.Bb2c3 Nb8c6
11.Bf1e2 axb3
12.Bc3xb4 Nc6xb4
13.O-O Nb4c2
14.Nd1c3 Nc2xa1
15.Rf1xa1 Nf6d7
16.Nc3b5 Kd8
17.a3 c6
18.Nb5d6 Kc7
19.Nd6e4 f6
20.Ne4d2 Nd7c5
21.h3 Ra8a7
22.Ra1b1 Rh8a8
23.Nd2xb3 Nc5xb3
24.Rb1xb3 Ra7xa3
25.Nf3d2 Ra3a2
26.Rb3d3 e4
27.Rd3d4 c5
28.Rd4xe4 Ra2xd2
29.Re4xe6 Rd2xe2
30.Re6e7 Kc6
31.Re7xg7 Ra8a1
32.Kh2 Re2xf2
33.Rg7xh7 Ra1e1
{ resign }
0-1

[Event "Fast Game"]
[Site "www.echecsemail.com"]
[Date "2018.04.14"]
[Round "1"]
[White "Hennie4820"]
[Black "Euwe1983"]
[WhiteElo "1750"]
[BlackElo "1599"]
[Result "1-0"]
[Round "1"]
1.e4 Nb8c6
2.d4 f5
3.exf5 Ng8f6
4.g4 d5
5.g5 Nf6e4
6.Qd1h5 Kd7
7.Bf1b5 h6
8.Ng1f3 g6
9.Qh5xg6 hxg5
10.Nf3e5 
1-0

[Event "Tourn. n9778"]
[Site "www.chess-mail.com"]
[Date "2018.04.15"]
[Round "1"]
[White "Falcoale"]
[Black "Jjmcbride"]
[WhiteElo "1870"]
[BlackElo "1720"]
[Result "1-0"]
[Round "1"]
1.e4 e5
2.Ng1f3 f6
3.Bf1c4 g5
4.h3 Ng8e7
5.O-O b6
6.Nf3xe5 fxe5
7.d4 Ne7g6
8.dxe5 Ng6xe5
9.Bc4b3 Qd8f6
10.Qd1h5  { time }
1-0

[Event "Tourn. n9768"]
[Site "www.chess-mail.com"]
[Date "2018.04.15"]
[Round "1"]
[White "Aperturaf"]
[Black "Numanoid"]
[WhiteElo "2700"]
[BlackElo "2430"]
[Result "1-0"]
[Round "1"]
1.e4 g6
2.d4 Bf8g7
3.Nb1c3 d6
4.Bc1e3 Ng8f6
5.Ng1f3 O-O
6.h3 c6
7.a4 Qd8c7
8.Qd1d2 Nb8d7
9.Bf1e2 e5
10.dxe5 dxe5
11.Be2c4  { time }
1-0

[Event "Tourn. n9730"]
[Site "www.chess-mail.com"]
[Date "2018.04.15"]
[Round "1"]
[White "Tartan"]
[Black "Axphis"]
[WhiteElo "2490"]
[BlackElo "2289"]
[Result "1-0"]
[Round "1"]
1.d4 Ng8f6
2.c4 e6
3.Nb1c3 Bf8b4
4.Qd1c2 O-O
5.a3 Bb4xc3
6.Qc2xc3 d5
7.Bc1g5 c5
8.dxc5 d4
9.Qc3c2  { time }
1-0

[Event "Tourn. n9749"]
[Site "www.chess-mail.com"]
[Date "2018.04.15"]
[Round "1"]
[White "Falcoale"]
[Black "Gegonz"]
[WhiteElo "1880"]
[BlackElo "1610"]
[Result "0-1"]
[Round "1"]
1.e4 Ng8f6
2.e5 Nf6d5
3.d4 d6
4.c4 Nd5b6
5.exd6 exd6
6.Ng1f3 Nb8c6
7.Bc1e3 Bc8f5
8.d5 Nc6e5
9.Nf3xe5 dxe5
10.Bf1e2 Bf8b4
11.Nb1c3 O-O
12.O-O Qd8h4
13.Be2f3 Nb6xc4
14.Qd1b3 Nc4xe3
15.fxe3 Bb4c5
16.Ra1e1 Ra8b8
17.Kh1 Rf8d8
18.e4 Bf5d7
19.Re1e2 Bc5d4
20.Nc3b5 Bd4b6
21.Nb5c3 a6
22.Nc3a4 Bd7xa4
23.Qb3xa4 Rd8xd5
24.g3 Qh4h3
25.exd5 Qh3xf1
{ resign }
0-1

[Event "Tourn. n9678"]
[Site "www.chess-mail.com"]
[Date "2018.04.15"]
[Round "1"]
[White "Dussek"]
[Black "Passaroa25"]
[WhiteElo "1820"]
[BlackElo "1680"]
[Result "0-1"]
[Round "1"]
1.e4 Nb8c6
2.Ng1f3 Ng8f6
3.Nb1c3 e5
4.Bf1b5 Bf8e7
5.Bb5xc6 dxc6
6.O-O Be7d6
7.d3 O-O
8.h3 Bc8e6
9.Bc1g5 h6
10.Bg5h4 g5
11.Bh4g3 b5
12.Rf1e1 Qd8d7
13.Qd1d2 Nf6h7
14.Nf3h2 Nh7f6
15.Qd2e2 a5
16.Nh2f3 a4
17.h4 g4
18.Nf3h2 h5
19.Qe2e3 Kh7
20.Qe3g5 Rf8g8
21.Qg5e3 Rg8g6
22.f3 Kg7
23.Kh1 Ra8h8
24.fxg4 Nf6xg4
25.Nh2xg4 Be6xg4
26.Ra1d1 Bg4xd1
27.Re1xd1 Rh8h7
28.Rd1f1 Rg6xg3
29.Qe3xg3 Qd7g4
30.Qg3xg4 hxg4
31.g3 f6
32.Kg2 Bd6c5
33.Nc3e2 Bc5e3
34.b3 a3
35.Ne2c3 Be3d4
36.Nc3e2 b4
37.Ne2xd4 exd4
38.Rf1f4 Rh7h6
39.Rf4xg4 Rh6g6
40.Rg4xg6 Kxg6
41.g4 c5
42.Kf3 f5
43.exf5 Kf6
44.Kf4 c6
45.g5 Kg7
46.h5 c4
47.f6 Kf7
48.Ke5 cxd3
49.cxd3 c5
50.g6 Kg8
51.Kd5 c4
52.Kxd4 cxb3
53.h6 bxa2
54.h7 Kh8
55.Kc4 a1Q
56.d4 Qa1g1
57.g7 Kxh7
58.Kd5 Qg1g6
59.Ke6 a2
60.Ke7 a1Q
{ resign }
0-1

[Event "Tourn. n9767"]
[Site "www.chess-mail.com"]
[Date "2018.04.15"]
[Round "1"]
[White "Gilliere"]
[Black "Falcoale"]
[WhiteElo "2030"]
[BlackElo "1850"]
[Result "0-1"]
[Round "1"]
1.e4 c5
2.Ng1f3 e6
3.Nb1c3 Nb8c6
4.d4 cxd4
5.Nf3xd4 a6
6.Nd4xc6 bxc6
7.a3 Bc8b7
8.Bc1e3 Ng8f6
9.h3 d5
10.exd5 cxd5
11.Be3d4 Bf8e7
12.Bf1e2 O-O
13.O-O Ra8c8
14.Ra1b1 Nf6d7
15.Rf1e1 e5
16.Bd4a7 d4
17.Nc3a2 Rc8c7
18.Na2b4 f5
19.Nb4xa6 Bb7xa6
20.Be2xa6 Rc7xa7
21.Ba6c4 Kh8
22.Qd1d3 Nd7c5
23.Qd3f1 e4
24.Bc4b5 Ra7c7
25.a4 Be7h4
26.Re1d1 Bh4f6
27.Qf1c4 d3
28.cxd3 Nc5xd3
29.Qc4a2 Rc7c2
30.Bb5xd3 exd3
31.Qa2b3 Qd8d4
32.Rd1xd3 Qd4xf2
33.Kh1 Qf2xg2

0-1

[Event "Tourn. n9767"]
[Site "www.chess-mail.com"]
[Date "2018.04.15"]
[Round "1"]
[White "Falcoale"]
[Black "Reda"]
[WhiteElo "1860"]
[BlackElo "1960"]
[Result "1/2-1/2"]
[Round "1"]
1.e4 e5
2.Ng1f3 Nb8c6
3.Bf1c4 h6
4.O-O Ng8f6
5.d3 d6
6.a3 Bc8g4
7.h3 Bg4e6
8.Bc4a2 d5
9.Nb1c3 dxe4
10.Nc3xe4 Be6xa2
11.Ra1xa2 Nf6xe4
12.dxe4 Qd8xd1
13.Rf1xd1 Bf8d6
14.c3 O-O-O
15.Bc1e3 f6
16.b4 Bd6e7
17.Rd1a1 Rd8d3
18.b5 Nc6a5
19.Be3d2 Na5b3
20.Ra1b1 Rh8d8
21.Bd2e1 Nb3c5
22.a4 Nc5xe4
23.a5 Ne4xc3
24.Be1xc3 Rd3xc3
25.b6 a6
26.bxc7 Rc3xc7
27.Nf3h4 Kb8
28.Nh4f5 Rd8g8
29.Ra2b2 Be7a3
30.Rb2b3 Ba3c5
31.Nf5e3 Bc5xe3
32.fxe3 Rg8d8
33.Rb3b6 Rd8d2
34.Rb6xa6 Rd2c2
35.Kh2 Rc2c3
36.Ra6b6 Rc3xe3
37.a6 Rc7c2
38.Rb6xb7 Ka8
39.Rb7b8 Ka7
40.Rb1b7 Kxa6
41.Rb7b6 Ka7
42.Rb8b7 Ka8
43.Rb7b8 Ka7
44.Rb8b7 Ka8
{ draw }
1/2-1/2

[Event "Tourn. n9762"]
[Site "www.chess-mail.com"]
[Date "2018.04.15"]
[Round "1"]
[White "Orhany24"]
[Black "Fegatux"]
[WhiteElo "2080"]
[BlackElo "2099"]
[Result "1/2-1/2"]
[Round "1"]
1.e4 d6
2.d4 Ng8f6
3.Bf1d3 g6
4.c4 Bf8g7
5.Nb1c3 O-O
6.f4 c5
7.d5 Rf8e8
8.Ng1f3 Bc8g4
9.O-O e6
10.h3 Bg4xf3
11.Qd1xf3 exd5
12.exd5 Nb8a6
13.a3 Na6c7
14.Bc1d2 a6
15.b4 b6
16.Ra1e1 Qd8d7
17.g4 Re8xe1
18.Rf1xe1 Ra8e8
19.Re1xe8 Qd7xe8
20.Qf3e3 Qe8xe3
21.Bd2xe3 Nf6xg4
22.Be3d2 Ng4f6
23.f5 Nf6d7
24.fxg6 hxg6
25.Nc3e4 Bg7d4
26.Kg2 Nc7e8
27.a4 Nd7e5
28.Bd3e2 Kg7
29.b5 a5
30.h4 f5
31.Ne4g5 Ne8c7
32.Ng5f3 Ne5xf3
33.Be2xf3 Nc7e8
34.Bd2g5 Bd4f6
35.Kg3 Bf6xg5
{ draw }
1/2-1/2

[Event "Tourn. n9774"]
[Site "www.chess-mail.com"]
[Date "2018.04.15"]
[Round "1"]
[White "Conde7"]
[Black "Jazzy"]
[WhiteElo "2860"]
[BlackElo "2300"]
[Result "1-0"]
[Round "1"]
1.a3 Ng8f6
2.b3 e5
3.Bc1b2 d6
4.e3 Bf8e7
5.Ng1f3 Nb8c6
6.d3 O-O
7.c4 b6
8.Bf1e2 Rf8e8
9.O-O Bc8b7
10.Nb1c3 Be7f8
11.b4 Nc6e7
12.Nf3d2 Ne7g6
13.Qd1b3 Qd8d7
14.Nd2e4 Bf8e7
15.Ne4xf6 Be7xf6
16.a4 Ng6h4
17.Nc3d5 Bf6d8
18.e4 Nh4g6
19.g3 Kh8
20.Qb3d1 Bb7c8
21.b5 Re8f8
22.d4 f6
23.Qd1c2 Qd7f7
24.Be2h5 f5
25.dxe5 dxe5
26.f4 { resign }
1-0

[Event "Match"]
[Site "www.echecsemail.com"]
[Date "2018.04.15"]
[Round "1"]
[White "Sonny1000"]
[Black "Bjonil60"]
[WhiteElo "1520"]
[BlackElo "1520"]
[Result "1-0"]
[Round "1"]
1.e4 e5
2.Nb1c3 Qd8e7
3.Nc3d5 Qe7e6
4.Nd5xc7 Ke7
5.Nc7xe6 dxe6
6.Ng1f3 g6
7.Nf3xe5 Nb8d7
8.Ne5xd7 Kxd7
9.Qd1f3 f6
10.Qf3d3 Ke7
11.Qd3a3 Kf7
12.Qa3b3 b6
13.e5 f5
14.Qb3c3 Bc8b7
15.Qc3c7 Ng8e7
16.Qc7xb7 Bf8h6
17.Bf1c4 Bh6f4
18.d4 Rh8e8
19.Bc1xf4 Re8b8
20.Bc4xe6 Kxe6
21.Qb7c7 h6
22.Bf4xh6 Rb8c8
23.Qc7b7 Ne7g8
24.Qb7h7 Kd5
25.Qh7d7 Ke4
26.f3 
1-0

[Event "Match"]
[Site "www.echecsemail.com"]
[Date "2018.04.15"]
[Round "1"]
[White "Muchomurka"]
[Black "Luzhin"]
[WhiteElo "2529"]
[BlackElo "2430"]
[Result "1/2-1/2"]
[Round "1"]
1.e4 e5
2.Ng1f3 Nb8c6
3.Bf1c4 Bf8c5
4.O-O Nc6a5
5.Nf3xe5 Na5xc4
6.Ne5xc4 d5
7.d4 Bc5e7
8.exd5 Qd8xd5
9.Nc4e5 Qd5d8
10.Rf1e1 Ng8f6
11.c4 c6
12.Nb1c3 O-O
13.d5 cxd5
14.cxd5 Be7b4
15.Bc1g5 Bb4xc3
16.bxc3 Qd8xd5
17.Bg5xf6 Qd5xd1
18.Ra1xd1 gxf6
19.Ne5d7 Bc8xd7
20.Rd1xd7 b5
21.Kf1 Rf8d8
22.Re1e7 Rd8xd7
23.Re7xd7 Ra8c8
24.Rd7xa7 Rc8xc3
25.Ke2 Rc3c2
26.Ke3 Kg7
27.a3 Rc2a2
28.Ra7a5 Ra2b2
29.g3 Kg6
30.h3 Rb2b3
31.Kf4 f5
32.h4 f6
33.Ra5a8 { draw }
1/2-1/2

[Event "Match"]
[Site "www.echecsemail.com"]
[Date "2018.04.15"]
[Round "1"]
[White "Sonny1000"]
[Black "Silikon"]
[WhiteElo "1520"]
[BlackElo "1750"]
[Result "0-1"]
[Round "1"]
1.e4 e5
2.c3 Ng8f6
3.f3 Nb8c6
4.a3 d5
5.Qd1e2 Bf8c5
6.Qe2c4 dxc4
7.Bf1xc4 O-O
8.b4 Bc5e7
9.Bc4b5 Bc8d7
10.Bb5xc6 Bd7xc6
11.Ng1e2 Qd8d3
12.Kd1 Bc6b5
13.a4 Qd3xe2
14.Kc2 Bb5c4
15.Nb1a3 Bc4d3
16.Kb3 Qe2xg2
17.Rh1e1 Qg2xf3
18.Re1e3 Qf3d1
19.Ka2 Bd3xe4
20.d3 Be4xd3
21.Re3xe5 Qd1xa4
22.Kb2 a6
23.Re5xe7 Rf8e8
24.Re7xe8 Ra8xe8
25.Ka2 Re8e2
26.Bc1b2 Bd3c4
27.Kb1 Qa4d1
28.Bb2c1 Bc4d3
29.Na3c2 Qd1xc2
{ resign }
0-1

[Event "Match"]
[Site "www.echecsemail.com"]
[Date "2018.04.15"]
[Round "1"]
[White "Stevep84"]
[Black "Gegonz"]
[WhiteElo "2280"]
[BlackElo "1940"]
[Result "1/2-1/2"]
[Round "1"]
1.e4 g6
2.d4 Bf8g7
3.Nb1c3 d6
4.Bc1e3 Ng8f6
5.Qd1d2 O-O
6.Be3h6 Nb8c6
7.Ng1e2 e5
8.d5 Bg7xh6
9.Qd2xh6 Nf6g4
10.Qh6d2 Nc6e7
11.f3 Ng4f6
12.h4 Bc8d7
13.h5 gxh5
14.Qd2g5 Ne7g6
15.Ne2g3 h4
16.Rh1xh4 Nf6xd5
17.Qg5xd8 Ra8xd8
18.Nc3xd5 Ng6xh4
19.O-O-O Bd7e6
{ draw }
1/2-1/2

[Event "Match"]
[Site "www.echecsemail.com"]
[Date "2018.04.15"]
[Round "1"]
[White "Axphis"]
[Black "Micheles"]
[WhiteElo "1809"]
[BlackElo "2570"]
[Result "0-1"]
[Round "1"]
1.d4 Ng8f6
2.Ng1f3 g6
3.e3 Bf8g7
4.c4 O-O
5.Nb1c3 d5
6.Bf1d3 c5
7.Qd1b3 dxc4
8.Qb3xc4 cxd4
9.Nf3xd4 e5
10.Nd4e2 Nb8c6
11.Bd3c2 Qd8b6
12.O-O Rf8d8
13.Qc4b5 Qb6xb5
14.Nc3xb5 a6
15.Nb5c3 Bc8e6
16.a3 Nc6a5
17.b4 Na5c4
18.Rf1d1 Bg7f8
19.Rd1xd8 Ra8xd8
20.f3 b6
21.Kf2 Kg7
22.e4 Bf8e7
23.Bc2a4 h5
24.Ra1b1 b5
 { time }
0-1

[Event "Tourn. n9753"]
[Site "www.chess-mail.com"]
[Date "2018.04.16"]
[Round "1"]
[White "Iko"]
[Black "Picifarkinca"]
[WhiteElo "1680"]
[BlackElo "1880"]
[Result "0-1"]
[Round "1"]
1.e4 c6
2.d4 d5
3.e5 Bc8f5
4.g4 Bf5e4
5.Ng1f3 e6
6.Bc1e3 Qd8b6
7.Nb1c3 Be4xf3
8.Qd1xf3 Qb6xb2
9.Ra1d1 Qb2xc3
10.Rd1d2 Bf8b4
11.Bf1e2 Qc3a1
12.Be2d1 Bb4xd2
13.Kxd2 Qa1xa2
14.g5 Ng8e7
15.Qf3h5 Qa2a5
16.c3 Ne7f5
17.Rh1g1 g6
18.Qh5f3 Nb8d7
19.Bd1c2 Qa5a2
20.Rg1b1 Nd7b6
21.Qf3d1 Qa2a3
22.Rb1b3 Nb6c4
23.Ke1 Qa3e7
24.Qd1b1 b5
25.Be3f4 a5
26.Bc2xf5 exf5
27.h4 h6
28.gxh6 Qe7xh4
29.Qb1c1 a4
30.Rb3b1 a3
31.Bf4g5 Qh4h1
32.Ke2 Qh1e4
33.Bg5e3 Rh8xh6
34.Kf1 Rh6h1
35.Ke2 Rh1xc1
36.Rb1xc1 a2
37.Rc1a1 Nc4xe3
38.fxe3 Qe4b1
39.Ra1xb1 axb1R
40.Kd2 Ra8a2
41.Kd3 Rb1d1

0-1

[Event "Tourn. n9719"]
[Site "www.chess-mail.com"]
[Date "2018.04.16"]
[Round "1"]
[White "Cristiano"]
[Black "Julian"]
[WhiteElo "1770"]
[BlackElo "1780"]
[Result "1-0"]
[Round "1"]
1.e4 c5
2.Ng1f3 d6
3.d4 cxd4
4.Nf3xd4 Ng8f6
5.Nb1c3 a6
6.Bf1d3 Qd8b6
7.Nd4f3 e5
8.Qd1e2 Bc8e6
9.O-O Bf8e7
10.b3 O-O
11.Bc1e3 Qb6c7
12.Be3d2 Nb8d7
13.Nc3a4 b5
14.Na4b2 d5
15.Ra1c1 Ra8c8
16.Rc1b1 dxe4
17.Bd3xe4 Nf6xe4
18.Qe2xe4 f5
19.Qe4e2 Be7d6
20.h3 Bd6c5
21.Rf1c1 Bc5a7
22.Bd2b4 Rf8e8
23.Nb2d1 a5
24.Bb4a3 e4
25.Nf3d2 Ba7b8
26.Nd2f1 b4
27.Ba3b2 f4
28.Qe2h5 Nd7f6
29.Bb2xf6 gxf6
30.c3 bxc3
31.Rc1xc3 Qc7e5
32.Qh5xe5 fxe5
33.Rb1c1 Rc8xc3
34.Rc1xc3 Bb8a7
35.Kh2 Ba7d4
36.Rc3c2 Be6f5
37.Rc2c6 e3
38.fxe3 fxe3
39.Nf1xe3 Bf5e4
40.Rc6a6 Be4b1
41.Ra6xa5 Re8c8
42.Ne3d5 Rc8c1
43.Nd1e3 Bb1e4
44.a4 Bd4xe3
45.Nd5xe3 Rc1c3
46.Ne3g4 Rc3xb3
47.Ng4f6 Kg7
48.Nf6xe4 Rb3b4
49.Ra5xe5 Rb4xa4
50.h4 h6
51.Kh3 Kg6
52.g3 { resign }
1-0

[Event "Tourn. n9761"]
[Site "www.chess-mail.com"]
[Date "2018.04.16"]
[Round "1"]
[White "Ermejo69"]
[Black "Saffron"]
[WhiteElo "1689"]
[BlackElo "1649"]
[Result "1/2-1/2"]
[Round "1"]
1.d4 Ng8f6
2.Ng1f3 g6
3.Bc1f4 Bf8g7
4.e3 d6
5.Bf1d3 O-O
6.h3 c5
7.c3 a6
8.O-O b5
9.Nb1d2 Bc8b7
10.a4 b4
11.cxb4 cxb4
12.a5 Nb8d7
13.Qd1b3 e5
14.dxe5 dxe5
15.Nf3xe5 Nd7c5
16.Qb3c2 Nc5xd3
17.Ne5xd3 Ra8c8
18.Qc2b1 Nf6h5
19.Rf1d1 Nh5xf4
20.Nd3xf4 Qd8c7
21.Rd1c1 Qc7xc1
22.Qb1xc1 Rc8xc1
23.Ra1xc1 Bg7xb2
24.Rc1c4 Bb7a8
{ draw }
1/2-1/2

[Event "Tourn. n9761"]
[Site "www.chess-mail.com"]
[Date "2018.04.16"]
[Round "1"]
[White "Fegatux"]
[Black "Saffron"]
[WhiteElo "2330"]
[BlackElo "1649"]
[Result "0-1"]
[Round "1"]
1.d4 Ng8f6
2.c4 e5
3.dxe5 Nf6g4
4.e3 Ng4xe5
5.f4 Ne5g6
6.Nb1c3 Bf8b4
7.Bf1d3 Nb8c6
8.Qd1h5 d6
9.Ng1f3 Bb4xc3
10.bxc3 Nc6b8
11.O-O Nb8d7
12.f5 Ng6e5
13.Nf3xe5 Nd7xe5
14.Bd3e2 O-O
15.f6 gxf6
16.e4 Kh8
17.Qh5h6 Rf8g8
18.Rf1xf6 Bc8g4
19.Be2f1 Bg4e6
20.Rf6xe6 fxe6
21.Bc1f4 Ne5g6
22.Bf4g5 Qd8f8
23.Qh6h3 Ng6e5
24.Bg5e3 Ne5g4
25.Bf1e2 Qf8g7
26.Be3d2 Ra8f8
27.Be2f3 Ng4e3
28.Ra1b1 Rf8xf3
29.Qh3xf3 Qg7xg2
30.Qf3xg2 Rg8xg2
31.Kh1 Rg2xd2
32.c5 dxc5
33.h3 b6
{ resign }
0-1

[Event "Tourn. n9780"]
[Site "www.chess-mail.com"]
[Date "2018.04.16"]
[Round "1"]
[White "Malbertan"]
[Black "Bojan"]
[WhiteElo "2020"]
[BlackElo "1960"]
[Result "1-0"]
[Round "1"]
1.e4 e5
2.Bf1c4 c6
3.Ng1f3 d6
4.O-O h6
5.d4 exd4
6.Qd1xd4 Bc8g4
7.e5 Bg4xf3
8.gxf3 Qd8g5
9.Bc1xg5 hxg5
10.exd6 f6
11.Rf1e1 Kd7
12.Bc4e6 Kd8
13.Be6xg8 Rh8xg8
14.Nb1c3 Nb8d7
15.Re1e2 Nd7e5
16.Re2xe5 Kd7
17.Re5e7 Bf8xe7
18.dxe7 Kxe7
19.Ra1e1 Kf7
20.Qd4d7 Kg6
21.Re1e7 c5
22.f4 b6
23.fxg5 fxg5
24.Qd7e6 Kh7
25.Nc3e4 { resign }
1-0